| 000 | 00444nam a2200157 4500 | ||
|---|---|---|---|
| 001 | 122411 | ||
| 003 | ES-MaACL | ||
| 007 | t| | ||
| 008 | 070214q19801989sp r ||||1| spa d | ||
| 100 | 1 |
_aPoyatos Suárez, Francisco. _993517 |
|
| 245 | 1 | 0 |
_aLibreta blanca / _cpor Francisco Poyatos Suárez. |
| 260 |
_aMadrid : _b[s.n.], _c[198_?] |
||
| 300 |
_a180 p. ; _c29 cm. |
||
| 500 | _aEjemplar multicopiado. | ||
| 852 |
_aES-MaACL _jL-6329 _bR.106889 |
||
| 999 |
_c122411 _d122411 |
||